000 00492nam a2200193Ia 4500
005 20250326145028.0
008 250326s9999 xx 000 0 und d
020 _a81-89410-01-6
037 _aTextbook
040 _aFMSL
_beng
_cFMSL
041 _aeng
_2eng
084 _aX:8y7 P5
_qFMSL
100 _aICFAI
245 0 _aCase studies in insurance
_cICFAI
260 _aIndia
_bIndia, ICFAI
_c2005
300 _a257p
942 _cTB
_hX:8y7 P5
999 _c1306102
_d1306102